2021-22 Michigan State Basketball Roster - Statistics

General Stats
  • This quiz has been taken 84 times
  • The average score is 9 of 16
Answer Stats
Answer % Correct
Tyson Walker
86%
AJ Hoggard
83%
Malik Hall
77%
Steven Izzo
70%
Joey Hauser
67%
Gabe Brown
64%
Marcus Bingham Jr
63%
Jaden Akins
60%
Mady Sissoko
59%
Max Christie
54%
Julius Marble II
53%
Davis Smith
43%
Pierre Brooks II
41%
Michael Peterson
30%
Jason Whitens
24%
Peter Nwoke
16%
No matching quizzes found
Score Distribution
Percent of People with Each Score
Percentile by Number Answered
Your Score History
You have not taken this quiz